Coldest Temperatures Recorded in Countries - Statistics

General Stats
  • This quiz has been taken 51 times
  • The average score is 16 of 20
Answer Stats
Celcius Fahrenheit Answer % Correct
-51 Degrees -60 Degrees Finland
98%
-51 Degrees -60 Degrees Norway
98%
-67 Degrees -89 Degrees Russia
98%
-53 Degrees -63 Degrees Sweden
98%
-63 Degrees -81 Degrees Canada
96%
-62 Degrees -79 Degrees United States
96%
-55 Degrees -67 Degrees Mongolia
94%
-58 Degrees -72 Degrees China
92%
-69 Degrees -93 Degrees Denmark (Greenland)
92%
-57 Degrees -70 Degrees Kazakhstan
85%
-43 Degrees -46 Degrees North Korea
77%
-53 Degrees -64 Degrees Kyrgyzstan
75%
-63 Degrees -81 Degrees Tajikistan
75%
-49 Degrees -57 Degrees India
73%
-52 Degrees -62 Degrees Afghanistan
69%
-46 Degrees -51 Degrees Germany
69%
-52 Degrees -61 Degrees Pakistan
69%
-52 Degrees -62 Degrees Austria
65%
-46 Degrees -51 Degrees Turkey
52%
-48 Degrees -54 Degrees Italy
50%
No matching quizzes found
Score Distribution
Percent of People with Each Score
Percentile by Number Answered
Your Score History
You have not taken this quiz